| 000 | 00511cam a2200205ua 4500 | ||
|---|---|---|---|
| 020 | _c190.00 | ||
| 041 |
_aeng _h |
||
| 082 |
_a546 _bPUR/PR |
||
| 100 | _aPuri, B R . | ||
| 245 |
_aPrinciples of inorganic chemistry / _cB R Puri. _hTextual Documents |
||
| 250 |
_a1 / _b. |
||
| 260 |
_aJalandhar : _bShoban lal nagrin chand & co , _c1995. |
||
| 300 | _a1332 ; . | ||
| 365 | _a190.00 | ||
| 504 | _a | ||
| 700 | 1 | _aKalia, K C . | |
| 700 | 1 | _aSharma, L R . | |
| 942 | _cBK | ||
| 999 |
_c9799 _d9799 |
||